000 00838cam a2200265 a 4500
001 000020155
005 20200929170306.0
008 771018s1970 sp 001 e spa d
040 _aDO-SdBNP
_bspa
_cBNPHU
082 _a864.6
_bA996L, 1970
100 0 _aAzorín,
_d1873-1967
_95278
245 1 0 _aLecturas españolas /
_cAzorín.
250 _a10a ed.
260 _aMadrid :
_bEspasa-Calpe,
_c1970.
300 _a146, [12] p. ;
_c18 cm.
490 1 _aAustral. Verde: ensayos y filosofía
_v36
500 _aIncluye índice de autores.
650 4 _aEnsayos españoles
_93095
650 4 _aLiteratura española
_xHistoria y crítica
_93904
650 4 _aLiteratura española
_ySIGLO XIX
_93067
650 4 _aLiteratura española
_9632
830 0 _aAustral.
_pVerde: ensayos y filosofía;
_v36
_98733
910 _aWM
049 _aBNGR
999 _c19662
_d19662